Friends (A-Z) II Quiz Stats

 Plays Quiz Updated Oct 1, 2019

Support Sporcle.
Go Orange.
Score 0/26 Timer 07:00
3 Plays Today
Clue Answer % Correct
The name of Ross and Carol's babyBen
96.8%
Ross's second wifeEmily
92.5%
Monica is stung by this; forcing Chandler and Joey to help her outJellyfish
90.4%
The Manager of Central PerkGunther
89.2%
Nationality of Rachel's boyfriend during season 1Italian
86.7%
Phoebe's twin sisterUrsula Buffay
85.9%
Dessert that Chandler and Rachel eat off the floorCheesecake
84.1%
Ross's ex-wife's lesbian partnerSusan Bunch
83.4%
Where Chandler pretends to move to ditch JaniceYemen
80.4%
Type of bed Monica gets by accident (thanks to the Mattress King)Race Car
79.8%
On this day in 1988, Chandler Bing lost his toeThanksgiving
79.2%
'The Scientist Guy'/Proposed to PhoebeDavid
78.4%
What Monica and Rachel do to finally get back their apartment, officiallyKiss
75.9%
Clue Answer % Correct
Dr. Drake Ramoray's professionNeurosurgeon
73.8%
Rachel's sister, played by Christina ApplegateAmy Green
70.4%
Character that Rachel portrays to fill Ross's sexual fantasyPrincess Leia
70.1%
Barry's professionOrthodontist
69.8%
Monica and Rachel's downstairs neighbor, who leaves them all of his stuff when he diesMr. Heckles
68.2%
'The One Where Rachel ____': Episode in Season 3 where Ross accidentally breaks a little girls legQuits
67.9%
Ross hooks up with Chloe, 'The ____ Girl' while he and Rachel are 'on a break'Xerox
62.9%
Chandler's Middle NameMuriel
62.8%
Phoebe's only nephewFrank Jr. Jr.
59.3%
The name of Chandler's Father's burlesque showViva Las Gay-gas
52.6%
Phoebe's ex-singing partner (also the name of her niece)Leslie
38.8%
The executive at Ralph Lauren, who interviews RachelMr. Zelner
34.9%
Name of Rachel's sphynx catMrs. Whiskerson
26.6%

From the Vault

Multi-Category Threesomes

by strokes_static

Now's not the time to monkey around.
Remove Ads.
Support Sporcle.
Get the best of Sporcle when you Go Orange. This ad-free experience offers more features, more stats, and more fun while also helping to support Sporcle. Thank you for becoming a member.

Show Comments

Extras

Top Quizzes Today


Score Distribution

Your Account Isn't Verified!

In order to create a playlist on Sporcle, you need to verify the email address you used during registration. Go to your Sporcle Settings to finish the process.

Report this User

Report this user for behavior that violates our Community Guidelines.

Details: